00358nam a2200133Ia 4500008004100000020001500041041001200056082001600068100001600084245006400100260003600164300000800200650001600208221030s9999 xx 000 0 und d a0201455676 aEnglish a105.23bWei aM. A. Weiss 0aData Structures & Algorithm Analysis in C++cby M. A. Weiss bAddison WesleyaNew Delhic1999 a498 aBE Computer